Dlho čakaná antológia Koniec lásky. Antológia prózy slovenskej moderny

Podrobná bibliografia
Hlavný autor: Kovačka, Miloš, 1940-2019 (Autor)
Médium: Článok
Jazyk:slovenčina
ISSN:1336-2526
Predmet:

MARC

LEADER 00000nab a2200000 a 4500
001 vtls009356502
003 SK-MaSNL
005 20260305014153.0
008 140617c2008 xo |r|p||||||||00 b|slo
015 |a SNBRB2008/10  |2 snkbucl 
038 |a SNKBUCL 
040 |a SNKBUCL  |b slo  |e AACR2  |c SNKBUCL 
041 0 |a slo 
044 |a xo  |c SK 
080 |a 82.09:821.162.4-3(082)  |x (048)  |2 2001 
080 |a 821.162.4-3  |x (082)  |x (048)  |2 2001 
100 1 |a Kovačka, Miloš,  |d 1940-2019  |4 aut  |9 5107 
245 1 0 |a Dlho čakaná antológia  |b Koniec lásky. Antológia prózy slovenskej moderny  |c Miloš Kovačka 
500 |a Recenzovanú publikáciu edične pripravil Michal Gáfrik 
650 0 7 |a slovenská próza  |x literárne antológie  |x recenzie  |2 snkbucl  |9 1592119 
650 0 7 |a moderna (literatúra)  |x slovenská próza  |2 snkbucl  |9 829969 
650 0 7 |a literárne antológie  |2 snkbucl  |9 428514 
650 0 7 |a moderna (literatúra)  |x slovenská literatúra  |2 snkbucl  |9 835141 
655 7 |a recenzie  |2 snkbucl  |9 21907 
773 0 |t Tvorba  |g Roč. XVIII. (XXVII.), č. 2-3 (2008), s. 74-76  |x 1336-2526 
787 0 8 |i Rec.:  |a Gáfrik, Michal, 1931-  |t Koniec lásky  |d Martin : Matica slovenská, 2007  |z 9788070908488 
852 |a SNK  |b KIS3GCP 
958 |a LX 
958 |a RC 
999 |c 3268036  |d 3269966